Countries Containing H - Statistics

General Stats
  • This quiz has been taken 499 times
  • The average score is 25 of 29
Answer Stats
Country % Correct
Haiti
99%
South Korea
96%
Honduras
95%
Hungary
95%
South Sudan
95%
Afghanistan
92%
North Korea
92%
South Africa
92%
Bhutan
91%
Chile
89%
China
87%
Thailand
87%
Bahrain
85%
Bangladesh
85%
Kazakhstan
85%
Bahamas
84%
Ethiopia
84%
Ghana
83%
Liechtenstein
83%
Netherlands
83%
Bosnia and Herzegovina
81%
Chad
81%
Lesotho
81%
Lithuania
81%
Marshall Islands
81%
Philippines
81%
Czech Republic
80%
Seychelles
79%
Saint Vincent and the Grenadines
56%
No matching quizzes found
Score Distribution
Percent of People with Each Score
Percentile by Number Answered
Your Score History
You have not taken this quiz